[Event "Arber op 7th"]
[Site "Bodenmais"]
[Date "2018.08.03"]
[Round "7"]
[White "Kissel, Ralf"]
[Black "Hoffmann, Steffen1111"]
[Result "1/2-1/2"]
[WhiteElo "1639"]
[BlackElo "1417"]
[PlyCount "135"]
[EventDate "2018.07.28"]
[EventType "swiss"]
[EventRounds "9"]
[EventCountry "GER"]
[SourceTitle "CBM 185 Extra"]
[Source "ChessBase"]
[SourceDate "2018.07.29"]
[SourceVersion "1"]
[SourceVersionDate "2018.07.29"]
[SourceQuality "1"]

1. e4 c5 2. Nf3 Nf6 3. Nc3 d5 4. e5 d4 5. exf6 dxc3 6. bxc3 exf6 7. Bb5+ Bd7 8. Bxd7+ Nxd7 9. 0-0 Be7 10. Nh4 0-0 11. Qf3 Qc7 12. Rb1 b6 13. d3 Bd6 14. g3 Be5 15. Qg4 Kh8 16. Bd2 Rg8 17. Rfe1 Rae8 18. Re2 Re6 19. Rbe1 Rge8 20. f4 Bd6 21. Rxe6 Rxe6 22. Rxe6 fxe6 23. Qxe6 Nf8 24. Qe4 Qd7 25. Nf5 Bc7 26. Qe7 Qxe7 27. Nxe7 a6 28. Kf2 Bd6 29. Nf5 Bc7 30. c4 g6 31. Ne3 Kg7 32. Nd5 Bd8 33. Bc3 Kf7 34. Kf3 f5 35. h3 Nd7 36. Ke3 Ke6 37. Kf3 b5 38. Ne3 b4 39. Bb2 a5 40. Nd5 Kf7 41. Ke3 Ke6 42. Kf3 Kf7 43. Ne3 Ke6 44. g4 fxg4+ 45. Nxg4 h5 46. Ne5 g5 47. Nxd7 Kxd7 48. fxg5 Bxg5 49. Ke4 Ke6 50. Be5 a4 51. Bc7 Be7 52. Kf4 Kf6 53. Be5+ Ke6 54. Ke4 Bg5 55. d4 cxd4 56. Bxd4 Bd8 57. c5 Bc7 58. c6 Kd6 59. Be5+ Kxc6 60. Bxc7 Kxc7 61. Kf5 Kd6 62. Kg5 Ke6 63. Kxh5 Kf5 64. Kh4 Kf4 65. Kh5 Kf5 66. Kh4 Kf4 67. Kh5 Kf5 68. Kh4 1/2-1/2

[Event "Arber op 7th"]
[Site "Bodenmais"]
[Date "2018.08.01"]
[Round "5"]
[White "Kissel, Ralf"]
[Black "Schreib, Marc"]
[Result "0-1"]
[WhiteElo "1639"]
[BlackElo "1857"]
[PlyCount "98"]
[EventDate "2018.07.28"]
[EventType "swiss"]
[EventRounds "9"]
[EventCountry "GER"]
[SourceTitle "CBM 185 Extra"]
[Source "ChessBase"]
[SourceDate "2018.07.29"]
[SourceVersion "1"]
[SourceVersionDate "2018.07.29"]
[SourceQuality "1"]

1. e4 c6 2. d4 d5 3. exd5 cxd5 4. Bd3 Nc6 5. c3 Nf6 6. Nf3 Bg4 7. 0-0 e6 8. h3 Bh5 9. Bf4 Bd6 10. Bxd6 Qxd6 11. Nbd2 0-0 12. Re1 Bg6 13. Bxg6 hxg6 14. Ne5 Rab8 15. Qe2 Rfc8 16. Ndf3 Na5 17. Ng5 Rc7 18. h4 Nc4 19. Qc2 Qb6 20. Nxc4 Rxc4 21. Re3 Rbc8 22. Qe2 R4c6 23. g4 Qa6 24. Qf3 Rb6 25. Re2 Rb5 26. Kg2 Qb6 27. Rb1 a5 28. Nxf7 Kxf7 29. g5 Rh8 30. gxf6 gxf6 31. Qg3 Qd8 32. Rbe1 Rb6 33. Rh1 Rh5 34. Kf1 Qd6 35. Qf3 Rc6 36. Re3 Rc8 37. Qe2 Qc6 38. b3 Rch8 39. Reh3 b5 40. Qg4 b4 41. cxb4 axb4 42. Kg1 Qc1+ 43. Kg2 Qc2 44. Kh2 g5 45. Qg3 Rxh4 46. Rxh4 Rxh4+ 47. Kg2 Qe2 48. Qc7+ Kg6 49. Qd8 Rg4+ 0-1

[Event "Arber op 7th"]
[Site "Bodenmais"]
[Date "2018.07.31"]
[Round "4"]
[White "Rier, Guenter"]
[Black "Kissel, Ralf"]
[Result "1/2-1/2"]
[WhiteElo "1930"]
[BlackElo "1639"]
[PlyCount "43"]
[EventDate "2018.07.28"]
[EventType "swiss"]
[EventRounds "9"]
[EventCountry "GER"]
[SourceTitle "CBM 185 Extra"]
[Source "ChessBase"]
[SourceDate "2018.07.29"]
[SourceVersion "1"]
[SourceVersionDate "2018.07.29"]
[SourceQuality "1"]

1. Nf3 e6 2. c4 Nf6 3. Nc3 b6 4. d4 Bb7 5. Bf4 Be7 6. Qc2 d5 7. e3 Nbd7 8. Bd3 dxc4 9. Bxc4 Nh5 10. Bg3 a6 11. a3 b5 12. Bd3 c5 13. Be4 Bxe4 14. Qxe4 0-0 15. 0-0 Nxg3 16. hxg3 c4 17. Qc2 Qb6 18. Rfd1 Nf6 19. Ne5 Rfd8 20. Qe2 Bd6 21. Ng4 Nxg4 22. Qxg4 1/2-1/2

[Event "Arber op 7th"]
[Site "Bodenmais"]
[Date "2018.07.29"]
[Round "2"]
[White "Kissel, Ralf"]
[Black "Eizenhammer, Peter"]
[Result "1/2-1/2"]
[WhiteElo "1639"]
[BlackElo "2148"]
[PlyCount "71"]
[EventDate "2018.07.28"]
[EventType "swiss"]
[EventRounds "9"]
[EventCountry "GER"]
[SourceTitle "CBM 185 Extra"]
[Source "ChessBase"]
[SourceDate "2018.07.29"]
[SourceVersion "1"]
[SourceVersionDate "2018.07.29"]
[SourceQuality "1"]

1. e4 d6 2. d4 Nf6 3. Nc3 Nbd7 4. Nf3 e5 5. Bc4 Be7 6. 0-0 0-0 7. b3 c6 8. a4 a5 9. Ba3 Nxe4 10. Nxe4 d5 11. Bxe7 Qxe7 12. Bxd5 cxd5 13. Nc3 e4 14. Re1 Qb4 15. Nxd5 Qd6 16. c4 exf3 17. Qxf3 Nf6 18. Nxf6+ Qxf6 19. Qxf6 gxf6 20. Re7 Bf5 21. Rae1 b6 22. R1e3 Rfd8 23. d5 Rac8 24. h3 Kf8 25. Rb7 Rb8 26. Rc7 Rdc8 27. Ra7 Re8 28. Rf3 Bg6 29. Rxf6 Re7 30. Ra6 Reb7 31. Rf3 Ke7 32. Kf1 Kd6 33. Ke2 Re7+ 34. Kd2 Be4 35. Rf6+ Kc5 36. f3 1/2-1/2

[Event "Eschborn op"]
[Site "Eschborn"]
[Date "2017.10.14"]
[Round "2"]
[White "Kissel, Ralf"]
[Black "Chassard, Cedric"]
[Result "1/2-1/2"]
[WhiteElo "1676"]
[BlackElo "1498"]
[PlyCount "90"]
[EventDate "2017.10.13"]
[EventType "swiss"]
[EventRounds "5"]
[EventCountry "GER"]
[SourceTitle "EXT 2019"]
[Source "ChessBase"]
[SourceDate "2018.10.10"]
[SourceVersion "1"]
[SourceVersionDate "2018.10.10"]
[SourceQuality "1"]

1. e4 e5 2. Nf3 Nc6 3. Nc3 Nf6 4. d4 exd4 5. Nxd4 Bb4 6. Nxc6 Bxc3+ 7. bxc3 dxc6 8. Qxd8+ Kxd8 9. Bg5 Re8 10. f3 Ke7 11. Bd3 Kf8 12. Bxf6 gxf6 13. Kf2 Be6 14. f4 c5 15. c4 b6 16. Rhe1 Bd7 17. Re3 Bc6 18. Rae1 Re7 19. e5 fxe5 20. Rxe5 Rxe5 21. Rxe5 h6 22. h3 Re8 23. Rxe8+ Kxe8 24. g4 Bd7 25. Kg3 Kf8 26. Kh4 f6 27. Kg3 c6 28. h4 b5 29. f5 Be8 30. Kf4 Bf7 31. cxb5 cxb5 32. Bxb5 Bxa2 33. g5 hxg5+ 34. hxg5 fxg5+ 35. Kxg5 Kf7 36. Kf4 Kf6 37. Ke4 Bb1 38. Ba4 a5 39. Bb3 c4 40. Ba4 Ba2 41. Bb5 Bb1 42. Ba4 Ba2 43. Kf4 Bb1 44. Ke4 Ba2 45. Bd7 Bb1 1/2-1/2

[Event "Arber op 6th"]
[Site "Bodenmais"]
[Date "2017.08.02"]
[Round "5"]
[White "Kissel, Ralf"]
[Black "Grund, Sebastian"]
[Result "1-0"]
[WhiteElo "1699"]
[BlackElo "1898"]
[PlyCount "49"]
[EventDate "2017.07.29"]
[EventType "swiss"]
[EventRounds "9"]
[EventCountry "GER"]
[SourceTitle "CBM 179 Extra"]
[Source "ChessBase"]
[SourceDate "2017.08.23"]
[SourceVersion "1"]
[SourceVersionDate "2017.08.23"]
[SourceQuality "1"]

1. e4 c5 2. Nf3 g6 3. Bc4 Bg7 4. c3 e6 5. 0-0 Ne7 6. d4 Qa5 7. a4 a6 8. Be3 d5 9. exd5 exd5 10. Bb3 c4 11. Bc2 0-0 12. Nbd2 Bf5 13. Re1 Bxc2 14. Qxc2 Nf5 15. Bf4 Nc6 16. Ne5 Qc7 17. Nxg6 Qd7 18. Nxf8 Rxf8 19. Nf3 Kh8 20. Ne5 Nxe5 21. Bxe5 Bxe5 22. Rxe5 Nh4 23. Rh5 Ng6 24. Qf5 Qc7 25. Re1 1-0

[Event "Arber op 6th"]
[Site "Bodenmais"]
[Date "2017.08.01"]
[Round "4"]
[White "Wolff, Peter"]
[Black "Kissel, Ralf"]
[Result "1/2-1/2"]
[WhiteElo "1967"]
[BlackElo "1699"]
[PlyCount "148"]
[EventDate "2017.07.29"]
[EventType "swiss"]
[EventRounds "9"]
[EventCountry "GER"]
[SourceTitle "CBM 179 Extra"]
[Source "ChessBase"]
[SourceDate "2017.08.23"]
[SourceVersion "1"]
[SourceVersionDate "2017.08.23"]
[SourceQuality "1"]

1. c4 e5 2. g3 Nf6 3. Bg2 Nc6 4. Nc3 Bb4 5. Nd5 0-0 6. Nxb4 Nxb4 7. d3 Re8 8. a3 Nc6 9. b4 Ne7 10. Bb2 d6 11. Nf3 c6 12. 0-0 Be6 13. h3 Nd7 14. Qc2 Qc7 15. Ng5 Nf8 16. Qc3 f6 17. Nxe6 Nxe6 18. e3 Rac8 19. Rac1 Qb8 20. Qb3 Kh8 21. h4 Rcd8 22. Bh3 Ng6 23. Rc2 Ngf8 24. Re1 a6 25. a4 Qa7 26. Rec1 Re7 27. Ba3 Ree8 28. Re2 Qb8 29. Bg2 Ng6 30. Bh3 Ngf8 31. Bb2 Qa7 32. Rce1 Qb8 33. Kh2 Re7 34. f4 Rde8 35. Qa2 Qd8 36. Qa1 Kg8 37. Qa2 Kh8 38. Bc3 Qb8 39. Qb2 Qd8 40. Qc2 Qb8 41. d4 exd4 42. exd4 Qd8 43. Qd3 Nc7 44. Qf3 Rxe2+ 45. Rxe2 Re7 46. Rxe7 Qxe7 47. Bc8 Ne8 48. d5 cxd5 49. cxd5 Qc7 50. Bf5 Qe7 51. Qd3 g6 52. Bc8 Qc7 53. Bh3 Qe7 54. Qd4 Kg8 55. Kg1 Qe2 56. Bc8 Qf3 57. Be1 Qe2 58. Qd2 Qe7 59. Bf2 Qc7 60. Bg4 Kf7 61. Qe3 f5 62. Be2 Qd7 63. Bd1 Nf6 64. Qd4 Qe7 65. Bf3 Ne4 66. Bxe4 fxe4 67. Kf1 Qf6 68. Qxe4 Qa1+ 69. Kg2 Qxa4 70. Bb6 Qe8 71. Qd3 Qe7 72. Qc4 Nd7 73. Bd4 Nf6 74. Bxf6 Kxf6 1/2-1/2

[Event "Arber op 6th"]
[Site "Bodenmais"]
[Date "2017.07.31"]
[Round "3"]
[White "Kissel, Ralf"]
[Black "Grabmeier, Johannes"]
[Result "1/2-1/2"]
[WhiteElo "1699"]
[BlackElo "1955"]
[PlyCount "39"]
[EventDate "2017.07.29"]
[EventType "swiss"]
[EventRounds "9"]
[EventCountry "GER"]
[SourceTitle "CBM 179 Extra"]
[Source "ChessBase"]
[SourceDate "2017.08.23"]
[SourceVersion "1"]
[SourceVersionDate "2017.08.23"]
[SourceQuality "1"]

1. e4 d5 2. exd5 Nf6 3. Nf3 Bg4 4. Bb5+ Nbd7 5. h3 Bh5 6. d4 a6 7. Be2 Nxd5 8. c4 N5b6 9. Nc3 e6 10. c5 Nd5 11. Nxd5 exd5 12. Qb3 b6 13. Qxd5 Nf6 14. Qc6+ Nd7 15. g4 Bg6 16. Ne5 Rb8 17. Nxg6 hxg6 18. Bf4 bxc5 19. Bxc7 Rc8 20. Qe4+ 1/2-1/2

[Event "Pfalz op-B 8th"]
[Site "Neustadt an der Weinstrasse"]
[Date "2017.02.24"]
[Round "1"]
[White "Mertens, Gottfried"]
[Black "Kissel, Ralf"]
[Result "1/2-1/2"]
[WhiteElo "1918"]
[BlackElo "1731"]
[PlyCount "66"]
[EventDate "2017.02.24"]
[EventType "swiss"]
[EventRounds "7"]
[EventCountry "GER"]
[SourceTitle "CBM 177 Extra"]
[Source "ChessBase"]
[SourceDate "2017.04.27"]
[SourceVersion "1"]
[SourceVersionDate "2017.04.27"]
[SourceQuality "1"]

1. f4 e6 2. Nf3 Nf6 3. g3 Be7 4. Bg2 0-0 5. d3 c5 6. e4 d5 7. e5 Nfd7 8. 0-0 Nc6 9. b3 b5 10. c4 a6 11. Nc3 bxc4 12. dxc4 d4 13. Nxd4 cxd4 14. Bxc6 Rb8 15. Na4 Qc7 16. Bg2 Nb6 17. Nxb6 Qxb6 18. Qd3 Bb7 19. Bxb7 Rxb7 20. Bd2 a5 21. Rfb1 Ba3 22. Bc1 Bc5 23. h3 Rd8 24. Kh2 Rdb8 25. h4 Qc6 26. a3 g6 27. Bd2 Qc7 28. b4 axb4 29. axb4 Bxb4 30. Bxb4 Rxb4 31. Rxb4 Rxb4 32. Ra8+ Kg7 33. Qxd4 Qxc4 1/2-1/2

[Event "Rheinland Pfalz op 7th"]
[Site "Frankenthal"]
[Date "2015.06.06"]
[Round "2"]
[White "Kissel, Ralf"]
[Black "Boos Guckes, Astrid"]
[Result "1-0"]
[WhiteElo "1755"]
[BlackElo "1090"]
[PlyCount "93"]
[EventDate "2015.06.04"]
[EventType "swiss"]
[EventRounds "7"]
[EventCountry "GER"]
[SourceTitle "EXT 2017"]
[Source "ChessBase"]
[SourceDate "2016.10.25"]
[SourceVersion "1"]
[SourceVersionDate "2016.10.25"]
[SourceQuality "1"]

1. e4 e5 2. Nf3 Nc6 3. Nc3 Bb4 4. d4 Bxc3+ 5. bxc3 exd4 6. cxd4 Nf6 7. e5 Qe7 8. Be2 Nd5 9. 0-0 Nc3 10. Qd3 Nxe2+ 11. Qxe2 0-0 12. Re1 Qb4 13. Be3 d6 14. a3 Qa4 15. exd6 cxd6 16. h3 Bf5 17. c3 Rfe8 18. Nh4 Ne7 19. Qf3 Qb5 20. a4 Qd3 21. Nxf5 Nxf5 22. Qxb7 Qxc3 23. Rac1 Qa5 24. d5 Ne7 25. Bf4 Nxd5 26. Rxe8+ Rxe8 27. Bxd6 Re1+ 28. Rxe1 Qxe1+ 29. Kh2 h6 30. Qxd5 Qxf2 31. Bb8 Qb6 32. Qb5 Qd8 33. Qb7 a6 34. Bc7 Qd7 35. a5 Kh8 36. Qb8+ Kh7 37. Bg3 f5 38. Qb6 Qd3 39. Qc7 Kg6 40. Be5 Kh5 41. Qxg7 Qe3 42. Qf7+ Kg5 43. Bf6+ Kf4 44. Qc4+ Qe4 45. Qxa6 Ke3 46. Qb6+ Kf4 47. Qf2+ 1-0

[Event "Stuttgart-chB int"]
[Site "Ditzingen"]
[Date "2014.05.31"]
[Round "7"]
[White "Kissel, Ralf"]
[Black "Schwarz, Manuel"]
[Result "1-0"]
[WhiteElo "1759"]
[BlackElo "1537"]
[PlyCount "97"]
[EventDate "2014.05.29"]
[EventType "swiss"]
[EventRounds "7"]
[EventCountry "GER"]
[SourceTitle "EXT 2015"]
[Source "ChessBase"]
[SourceDate "2014.11.20"]
[SourceVersion "1"]
[SourceVersionDate "2014.11.20"]
[SourceQuality "1"]

1. e4 c5 2. Nf3 d6 3. Bb5+ Nc6 4. d4 cxd4 5. Qxd4 Bd7 6. Bxc6 bxc6 7. 0-0 Nf6 8. Re1 c5 9. Qd3 g6 10. e5 Bf5 11. Qb5+ Nd7 12. exd6 Rb8 13. dxe7 Bxe7 14. Qe2 Be6 15. Bh6 Nf6 16. Ng5 Rb6 17. Nxe6 fxe6 18. Bg7 Rg8 19. Bxf6 Bxf6 20. c3 Rg7 21. Na3 Re7 22. Nc4 Rbb7 23. Qf3 Qd5 24. Qxd5 exd5 25. Nd6+ Kd8 26. Nxb7+ Rxb7 27. Re2 d4 28. Rd1 Rd7 29. Red2 Kc7 30. cxd4 cxd4 31. Kf1 Kc6 32. Ke2 Kd5 33. Kd3 Re7 34. Rc2 g5 35. b4 Rb7 36. Rc5+ Kd6 37. a3 h6 38. Rdc1 Rb6 39. Rf5 Ke7 40. f3 a6 41. Rc4 Re6 42. Rxf6 Kxf6 43. Rxd4 h5 44. a4 a5 45. b5 h4 46. Rd8 Ke5 47. Kc4 Kf4 48. Kd5 Re1 49. Rf8+ 1-0

[Event "Stuttgart-chB int"]
[Site "Ditzingen"]
[Date "2014.05.29"]
[Round "2"]
[White "Awiszus, Thomas"]
[Black "Kissel, Ralf"]
[Result "0-1"]
[WhiteElo "1605"]
[BlackElo "1759"]
[PlyCount "76"]
[EventDate "2014.05.29"]
[EventType "swiss"]
[EventRounds "7"]
[EventCountry "GER"]
[SourceTitle "EXT 2015"]
[Source "ChessBase"]
[SourceDate "2014.11.20"]
[SourceVersion "1"]
[SourceVersionDate "2014.11.20"]
[SourceQuality "1"]

1. Nf3 e6 2. a3 d5 3. e3 c5 4. d4 Nf6 5. Ne5 Bd7 6. Be2 Nc6 7. f4 cxd4 8. exd4 Rc8 9. 0-0 b6 10. Be3 Be7 11. Qd3 Na5 12. Nd2 Rc7 13. Bf2 Qc8 14. c3 a6 15. Qh3 Bb5 16. Rae1 Bxe2 17. Rxe2 0-0 18. Bh4 Nc4 19. Ndxc4 dxc4 20. g4 Nd5 21. Bxe7 Nxe7 22. f5 exf5 23. gxf5 f6 24. Ng4 Nxf5 25. Rg2 Kh8 26. Rgf2 Nd6 27. Qf3 Re7 28. Ne3 b5 29. Nd5 Re4 30. Rg2 Qe6 31. Qg3 g6 32. Nf4 Qe7 33. Nxg6+ hxg6 34. Qxg6 Qh7 35. Qxh7+ Kxh7 36. Rf3 Rh4 37. Rfg3 Ne4 38. Re3 Rg8 0-1

[Event "Rheinland Pfalz op 3rd"]
[Site "Gau Algesheim"]
[Date "2011.07.31"]
[Round "7"]
[White "Kissel, Ralf"]
[Black "Hauch, Joerg"]
[Result "1/2-1/2"]
[WhiteElo "1824"]
[BlackElo "2101"]
[PlyCount "63"]
[EventDate "2011.07.28"]
[EventType "swiss"]
[EventRounds "7"]
[EventCountry "GER"]
[SourceTitle "EXT 2013"]
[Source "ChessBase"]
[SourceDate "2012.11.22"]
[SourceVersion "1"]
[SourceVersionDate "2012.11.22"]
[SourceQuality "1"]

1. e4 c5 2. Nf3 Nc6 3. d4 cxd4 4. Nxd4 e5 5. Nb3 Nf6 6. Nc3 Bb4 7. Bd3 d5 8. exd5 Nxd5 9. Bd2 Nxc3 10. Bxc3 Bxc3+ 11. bxc3 0-0 12. 0-0 Qe7 13. Re1 Be6 14. Qe2 f5 15. Bb5 e4 16. Bxc6 bxc6 17. Nd4 c5 18. Nxe6 Qxe6 19. f3 Rae8 20. c4 Rf7 21. Rad1 Rfe7 22. fxe4 fxe4 23. Rd5 e3 24. Rf1 Qa6 25. Rxc5 Qxa2 26. Rcf5 h6 27. h3 Re4 28. Rc5 R4e7 29. Rcf5 Kh8 30. Rf8+ Rxf8 31. Rxf8+ Kh7 32. Rf1 1/2-1/2